00393nam a2200145Ia 4500008004100000041000800041082001600049100001900065245004100084260005200125300002600177365001500203500001000218700001900228230612s9999 xx 000 0 und d aeng a621.381 BHU aBhutiyani R.S. aDigital Electronics And Logic Design c1991bEverest Publishing House Publishing House a353cRef 101 E( 1501) cRs.b70.00 a101 E aBhutiyani R.S.